000 00502nam a2200169 i 4500
001 141397
003 ES-MaACL
005 20230906200303.0
007 t|
008 070921s1978 sp ||||1| spa d
100 1 _aVizcaíno Casas, Fernando.
_9115612
245 1 3 _a...Y al tercer año, resucitó
_b: novela de historia-ficción /
_cFernando Vizcaíno Casas.
250 _a6ª ed.
260 _aBarcelona :
_bPlaneta,
_c1978.
300 _a212 p. ;
_c19 cm.
852 _aES-MaACL
_jA-8626
_bR.97708
999 _c141397
_d141397